| 000 | 00780nam a22001937a 4500 | ||
|---|---|---|---|
| 005 | 20240116155254.0 | ||
| 010 | _aHIN-112692 | ||
| 020 | _c1000.00 | ||
| 035 | _aHN-85038 | ||
| 037 | _bDBAD/PUB | ||
| 082 | _a921 | ||
| 100 |
_aवीरेन्द्र प्रभाकर _960982 |
||
| 245 |
_aगागर में सागर / _cवीरेन्द्र प्रभाकर:हरिसिंह पाल द्वारा संपादित |
||
| 260 |
_aनई दिल्ली _bचित्र कला संगम _c2016 |
||
| 270 | _bनई दिल्ली | ||
| 300 |
_a308.पृ. _c30 से.मी (सजिल्द) |
||
| 700 |
_aहरिसिंह पाल _960983 |
||
| 942 |
_2ddc _cHN _h921 _mप्रभाक |
||
| 999 |
_c142702 _d142702 |
||